000 00747nam a2200229 i 4500
001 135745
003 ES-MaACL
005 20250824222318.0
007 t|
008 070214s1970 sp r ||||1| spa d
100 1 _aRoudain, Henri.
_9100008
245 1 0 _aLeer un balance es fácil /
_cHenri Roudain ; traducción de Julián Sicilia, Ignacio del Amo.
260 _aSalamanca :
_bAnaya,
_c1970.
300 _a146 p. :
_bil. ;
_c24 cm.
490 1 _aLibros Económico-Empresariales
650 4 _aBalances.
_9168822
700 1 _aSicilia, Julián.
_9106193
700 1 _aAmo, Ignacio del.
_921273
830 0 0 _aLibros económico-empresariales Anaya
_9220723
852 _aES-MaACL
_jC-44090
_bR.74262
999 _c135745
_d135745